Du condens ̌pratique des adages de droit dans le systm̈e romano-germanique

Bibliographic Details
Main Author: MULUMBI Jackson, Mat̋re MUHINDO
Format: eBook
Published: Pars̕: Éditions Universitaires Europěnes, 2019
Subjects:
Online Access:Acceso restringido

MARC

LEADER 00000nam a22000007a 4500
005 20190930225057.0
007 cr|||| ||||
008 190930s2019 fr |||||s|||| 00||0 fra d
020 |a 9786138481133 
035 |a 28857 
040 |a vLex 
090 |c 9678  |d 9678 
100 1 |a MULUMBI Jackson, Mat̋re MUHINDO 
245 1 0 |a Du condens ̌pratique des adages de droit dans le systm̈e romano-germanique  |h [Recurso electrn̤ico] /  |c Mat̋re MUHINDO MULUMBI Jackson 
256 |a Servicio en ln̕ea 
260 |a Pars̕:  |b Éditions Universitaires Europěnes,  |c 2019 
300 |a 1 recurso electrn̤ico 
500 |a Étymologiquement parlant, l'adage est la sentence ou le conseil qui pousse vers ! Les adages de droit dans le systm̈e romano-germanique, ici ťudiš, sont ces phrases ľǧantes vȟiculant des vues indiscutables et legs universel des jurisconsultes, des casuistes et de la jurisprudence de tradition romaine et allemande ; traditions par lesquelles les praticiens du droit ršolvaient des cas par une synths̈e toute fine d'une litanie textuelle. L'influence qu'exerce aujourd'hui le systm̈e juridique ťudi ̌dans ces adages sur les pays ̉coutume, et ceux des autres systm̈es, est telle que la tendance est dšormais ̉ne vouloir juger des personnes que suivant des rg̈les de droit črites. ° travers ce penchant ̉črire les rg̈les de droit, des lǧislateurs ont adopt ̌pour eux les maximes de droit ici examiněs par rattachement ̉des textes de loi ou de jurisprudence qui les calquent, afin de repasser dans l'esprit des lecteurs un souvenir explicatif et dďuctif. Au-del ̉des cas ici repris, o ̮des adages peuvent ne pas trouver application, un adage de droit reste parfois un carrefour des branches de droit et la luxueuse voie du discernement juridique. 
506 1 |a Disponible solo en los productos indicados  |d vLex Global  |d vLex Global (Academic Edition, excluding Law Schools)  |d vLex Global (U.S. Academic Edition, Law Schools)  |d vLex Global (U.S. Academic Edition, excluding Law Schools)  |d vLex Global (Academic Edition, Law Schools) 
650 0 4 |a Derecho Pb︢lico y Administrativo  |z Francia 
740 0 |a vLex Libros (Servicio en ln̕ea) 
856 4 0 |u http://vlex.com/source/28857  |z Acceso restringido 
942 |c BOOK 
999 0 |a Public and Administrative Law